000 00456nam a2200181Ia 4500
003 OSt
005 20240817111152.0
008 210210b1936 xxu||||| |||| 00| 0 eng d
040 _aAL
_c
041 _aSanskrit
082 _a882/9
100 _aBHASA
_932093
_dभाष
245 _aBhasakathasara II: (iii)
_bभाषकथासारा
260 _aMadurai
_b-
_c1936
690 _aSanskrit Prose
_932097
906 _a024275
942 _2ddc
_cBK
999 _c149747
_d149747